MyGZULibrary

Financial institutions management : (Record no. 1908)

MARC details
000 -LEADER
fixed length control field 01269cam a22003374a 4500
001 - CONTROL NUMBER
control field 13711883
003 - CONTROL NUMBER IDENTIFIER
control field GZU
005 - DATE AND TIME OF LATEST TRANSACTION
control field 20201023103826.0
008 - FIXED-LENGTH DATA ELEMENTS--GENERAL INFORMATION
fixed length control field 040907s2006 nyua 001 0 eng
010 ## - LIBRARY OF CONGRESS CONTROL NUMBER
LC control number 2004057815
020 ## - INTERNATIONAL STANDARD BOOK NUMBER
International Standard Book Number 9780071244756
040 ## - CATALOGING SOURCE
Original cataloging agency DLC
Transcribing agency DLC
Modifying agency DLC
042 ## - AUTHENTICATION CODE
Authentication code pcc
043 ## - GEOGRAPHIC AREA CODE
Geographic area code n-us---
050 00 - LIBRARY OF CONGRESS CALL NUMBER
Classification number HG181
Item number .S33 2006
082 00 - DEWEY DECIMAL CLASSIFICATION NUMBER
Classification number 332.1/068
Edition number 22
100 1# - MAIN ENTRY--PERSONAL NAME
Personal name Saunders, Anthony,
Dates associated with a name 2006
Relator term Author
245 10 - TITLE STATEMENT
Title Financial institutions management :
Remainder of title a risk management approach /
Statement of responsibility, etc. Anthony Saunders, Marcia Millon Cornett.
250 ## - EDITION STATEMENT
Edition statement 5th ed.
260 ## - PUBLICATION, DISTRIBUTION, ETC.
Place of publication, distribution, etc. New York :
Name of publisher, distributor, etc. McGraw-Hill/Irwin,
Date of publication, distribution, etc. c2006.
300 ## - PHYSICAL DESCRIPTION
Extent xxiv, 856 p. :
Other physical details ill. ;
Dimensions 27 cm.
440 #4 - SERIES STATEMENT/ADDED ENTRY--TITLE
Title The McGraw-Hill/Irwin series in finance, insurance, and real estate
500 ## - GENERAL NOTE
General note Includes index.
650 #0 - SUBJECT ADDED ENTRY--TOPICAL TERM
Topical term or geographic name entry element Financial institutions
Geographic subdivision United States
General subdivision Management.
650 #0 - SUBJECT ADDED ENTRY--TOPICAL TERM
Topical term or geographic name entry element Risk management
Geographic subdivision United States.
650 #0 - SUBJECT ADDED ENTRY--TOPICAL TERM
Topical term or geographic name entry element Financial services industry
Geographic subdivision United States
General subdivision Management.
700 1# - ADDED ENTRY--PERSONAL NAME
Personal name Cornett, Marcia Millon
906 ## - LOCAL DATA ELEMENT F, LDF (RLIN)
a 7
b cbc
c orignew
d 1
e ocip
f 20
g y-gencatlg
942 ## - ADDED ENTRY ELEMENTS (KOHA)
Source of classification or shelving scheme Library of Congress Classification
Koha item type Books
Edition 5th
Classification part 181
Item part SAU
Call number prefix HG
Holdings
Withdrawn status Lost status Damaged status Not for loan Collection code Home library Current library Shelving location Date acquired Inventory number Total Checkouts Full call number Barcode Date last seen Copy number Price effective from Koha item type
        Non-fiction City Campus Library City Campus Library General Stacks 10/23/2020 026405   HG 181 SAU 2006 026405 10/23/2020 c.1 10/23/2020 Books